[Event "42.OStM"]
[Site "Bergisch Gladbach"]
[Date "2022.09.02"]
[Round "1.1"]
[White "Mohaupt, Sascha"]
[Black "Klein, Dieter"]
[Result "1-0"]
[WhiteElo "2209"]
[BlackElo "1587"]
[PlyCount "49"]
[EventDate "2022.??.??"]
[EventType "swiss"]
[EventRounds "7"]
[SourceVersionDate "2022.09.06"]

1. e4 e5 2. f4 d6 3. Nf3 Bg4 4. h3 Bxf3 5. Qxf3 Nc6 6. Bb5 Nge7 7. O-O a6 8.
Bc4 Nd4 9. Qd3 Ng6 10. Bxf7+ Ke7 11. Bxg6 hxg6 12. c3 Ne6 13. fxe5 dxe5 14. Qf3
Kd7 15. d4 Kc8 16. Qg4 Qe8 17. d5 Bc5+ 18. Kh2 Rf8 19. Nd2 Rxf1 20. Nxf1 Kd7
21. Be3 b6 22. Rd1 Kc8 23. Bxc5 bxc5 24. dxe6 Kb7 25. Ne3 1-0

[Event "42.OStM"]
[Site "Bergisch Gladbach"]
[Date "2022.09.02"]
[Round "1.2"]
[White "Aljalam, Yamen"]
[Black "Belyaev, Ilja"]
[Result "0-1"]
[WhiteElo "1561"]
[BlackElo "2091"]
[PlyCount "74"]
[EventDate "2022.??.??"]
[EventType "swiss"]
[EventRounds "7"]
[SourceVersionDate "2022.09.06"]

1. e4 c5 2. Nf3 d6 3. g3 Nf6 4. d3 g6 5. Bg2 Bg7 6. O-O O-O 7. h3 Nc6 8. c3 Qc7
9. Re1 Rd8 10. Be3 b5 11. Nbd2 b4 12. d4 bxc3 13. bxc3 cxd4 14. cxd4 Bb7 15.
Qc2 Qd7 16. Rab1 a5 17. a3 Ba6 18. e5 Nd5 19. e6 fxe6 20. Nb3 Rdc8 21. Qd2 a4
22. Nc1 Rab8 23. Rxb8 Rxb8 24. Bh6 Bf6 25. Ng5 Bc4 26. Nxe6 Nc7 27. d5 Ne5 28.
f4 Nf7 29. f5 Rb2 30. fxg6 hxg6 31. Qf4 Rxg2+ 32. Kxg2 Bxd5+ 33. Kh2 Nxe6 34.
Qg4 Nxh6 35. Qxg6+ Bg7 36. Qd3 Nd4 37. Ne2 Nf3+ 0-1

[Event "42.OStM"]
[Site "Bergisch Gladbach"]
[Date "2022.09.02"]
[Round "1.3"]
[White "Harringer, Manfred"]
[Black "Stetten, Joachim"]
[Result "1-0"]
[WhiteElo "2021"]
[BlackElo "1515"]
[PlyCount "47"]
[EventDate "2022.??.??"]
[EventType "swiss"]
[EventRounds "7"]
[SourceVersionDate "2022.09.06"]

1. e4 c5 2. Nf3 Nc6 3. Bb5 g6 4. O-O Bg7 5. Re1 Qb6 6. a4 a6 7. Bc4 Bxb2 8.
Bxb2 Qxb2 9. Nc3 Qb6 10. e5 e6 11. Ne4 f6 12. exf6 d5 13. Bxd5 exd5 14. Nd6+
Kd7 15. Nf7 Nd8 16. Nxh8 Qxf6 17. Qe2 Qxh8 18. Qe8+ Kc7 19. Re7+ Kb8 20. Rb1
Qf6 21. Rxh7 Nh6 22. Rxh6 Nc6 23. Rxg6 Qd8 24. Qxc6 1-0

[Event "42.OStM"]
[Site "Bergisch Gladbach"]
[Date "2022.09.02"]
[Round "1.4"]
[White "Roder, Stephan"]
[Black "Gelsok, Philipp"]
[Result "0-1"]
[WhiteElo "1495"]
[BlackElo "1988"]
[PlyCount "50"]
[EventDate "2022.??.??"]
[EventType "swiss"]
[EventRounds "7"]
[SourceVersionDate "2022.09.06"]

1. d4 f5 2. Nf3 Nf6 3. e3 e6 4. Bd3 Be7 5. Nbd2 O-O 6. c3 d6 7. Qb3 Kh8 8. Bc4
d5 9. Be2 Nbd7 10. c4 c6 11. c5 Ne4 12. Nxe4 fxe4 13. Ng1 e5 14. Bd2 Bh4 15.
Nh3 Bf6 16. Qc3 Qe7 17. f4 exf3 18. gxf3 exd4 19. exd4 Nxc5 20. Qxc5 Qxc5 21.
dxc5 Bxh3 22. O-O-O Bd4 23. b4 Bg2 24. Rhf1 Bxf1 25. Rxf1 a5 0-1

[Event "42.OStM"]
[Site "Bergisch Gladbach"]
[Date "2022.09.02"]
[Round "1.5"]
[White "Eilers, Jochen"]
[Black "Schiffer, Hans Joachim"]
[Result "1-0"]
[WhiteElo "1939"]
[BlackElo "1485"]
[PlyCount "75"]
[EventDate "2022.??.??"]
[EventType "swiss"]
[EventRounds "7"]
[SourceVersionDate "2022.09.06"]

1. c4 e6 2. g3 d5 3. Bg2 Nf6 4. Nf3 Nc6 5. O-O Be7 6. b3 O-O 7. Bb2 h6 8. d4 a6
9. Nc3 Rb8 10. Rc1 Bd7 11. Ne5 Nxe5 12. dxe5 Ne8 13. cxd5 exd5 14. Nxd5 c6 15.
Nxe7+ Qxe7 16. Qd4 Be6 17. Rfd1 Nc7 18. Qd6 Qxd6 19. exd6 Nd5 20. e4 Nb6 21. f4
g6 22. h3 Rbd8 23. g4 f6 24. Bc3 Rd7 25. f5 gxf5 26. gxf5 Bf7 27. Rd3 Bh5 28.
Rc2 Nc8 29. Rcd2 Kf7 30. Bf1 Rfd8 31. e5 fxe5 32. Bxe5 Rg8+ 33. Kh2 Rg5 34. Rg3
Ne7 35. Bc4+ Ke8 36. Rxg5 hxg5 37. Be6 Rd8 38. Bf6 1-0

[Event "42.OStM"]
[Site "Bergisch Gladbach"]
[Date "2022.09.02"]
[Round "1.6"]
[White "Schüers, Christian"]
[Black "Kuhn, Andreas"]
[Result "0-1"]
[WhiteElo "1480"]
[BlackElo "1919"]
[PlyCount "96"]
[EventDate "2022.??.??"]
[EventType "swiss"]
[EventRounds "7"]
[SourceVersionDate "2022.09.06"]

1. d4 Nf6 2. Nf3 g6 3. Bf4 d6 4. h3 Bg7 5. c3 O-O 6. e3 b6 7. Nbd2 Bb7 8. Be2
Nbd7 9. O-O Qe8 10. Re1 e5 11. dxe5 dxe5 12. Bg5 h6 13. Bxf6 Nxf6 14. Qb3 Qe7
15. a4 a5 16. Bf1 Nd7 17. e4 Rfd8 18. Qc2 Nc5 19. b4 axb4 20. cxb4 Ne6 21. Qb2
Nd4 22. a5 bxa5 23. bxa5 Rdb8 24. Qc3 Ba6 25. Reb1 Rxb1 26. Rxb1 Bxf1 27. Kxf1
Qd6 28. Nc4 Qc6 29. Nfd2 Bf8 30. Qd3 f6 31. f4 Kg7 32. fxe5 fxe5 33. Nxe5 Qf6+
34. Nef3 Nxf3 35. Nxf3 Rxa5 36. Qd7+ Qf7 37. Rd1 Bd6 38. Qc6 Rc5 39. Qb7 Qc4+
40. Kg1 Rb5 41. Qa8 Qc5+ 42. Kh1 Ra5 43. Qe8 Qc4 44. Qd7+ Qf7 45. Qg4 h5 46.
Qh4 Qf6 47. Qxf6+ Kxf6 48. Kg1 Bg3 0-1

[Event "42.OStM"]
[Site "Bergisch Gladbach"]
[Date "2022.09.02"]
[Round "1.7"]
[White "Müller, Rene"]
[Black "Büttgenbach, Uwe"]
[Result "1-0"]
[WhiteElo "1919"]
[BlackElo "1473"]
[PlyCount "75"]
[EventDate "2022.??.??"]
[EventType "swiss"]
[EventRounds "7"]
[SourceVersionDate "2022.09.06"]

1. e4 c5 2. d4 Nc6 3. d5 Nb8 4. Nc3 a6 5. a4 d6 6. a5 e6 7. Nf3 e5 8. h3 Be7 9.
Be3 Nf6 10. g4 h6 11. Qd2 Bd7 12. Bd3 b5 13. axb6 Qxb6 14. b3 a5 15. O-O Nh7
16. Rfb1 Qd8 17. Bb5 h5 18. g5 Bxb5 19. Nxb5 Qd7 20. Qe2 h4 21. Kh2 Nf8 22. Rg1
Ng6 23. c4 Qd8 24. Qd2 Nd7 25. Ra2 Ndf8 26. Raa1 Nf4 27. Bxf4 exf4 28. Qxf4 Ng6
29. Qf5 Nf8 30. e5 Ng6 31. e6 Rf8 32. exf7+ Rxf7 33. Qxg6 Kf8 34. Kg2 Kg8 35.
Rge1 Qf8 36. Qe6 Kh8 37. Re4 Bxg5 38. Nxg5 1-0

[Event "42.OStM"]
[Site "Bergisch Gladbach"]
[Date "2022.09.02"]
[Round "1.8"]
[White "Hoferichter, Michael"]
[Black "Weclawski, Roman"]
[Result "0-1"]
[WhiteElo "1468"]
[BlackElo "1906"]
[PlyCount "66"]
[EventDate "2022.??.??"]
[EventType "swiss"]
[EventRounds "7"]
[SourceVersionDate "2022.09.06"]

1. d4 Nf6 2. c4 g6 3. Nf3 Bg7 4. Nc3 O-O 5. e4 d6 6. Be2 Nbd7 7. O-O e5 8. d5
a6 9. a4 Ne8 10. Bg5 f6 11. Be3 Qe7 12. Qd2 f5 13. Bh6 Ndf6 14. exf5 Bxf5 15.
Bxg7 Nxg7 16. Qg5 Rae8 17. Bd1 Bd3 18. Re1 Bxc4 19. Bc2 Nxd5 20. Qh6 Nf5 21.
Qd2 Nxc3 22. Qxc3 Bd5 23. Rad1 c6 24. Bb3 Bxb3 25. Qxb3+ Qf7 26. Qc3 Qf6 27.
Qb3+ Rf7 28. Re4 d5 29. Rb4 e4 30. Re1 Nd6 31. Re3 exf3 32. Rxe8+ Nxe8 33. Rxb7
Qg5 0-1

[Event "42.OStM"]
[Site "Bergisch Gladbach"]
[Date "2022.09.02"]
[Round "1.9"]
[White "Gutt, Oswald"]
[Black "Bernecker, Jan Magnus"]
[Result "1-0"]
[WhiteElo "1845"]
[BlackElo "1462"]
[PlyCount "47"]
[EventDate "2022.??.??"]
[EventType "swiss"]
[EventRounds "7"]
[SourceVersionDate "2022.09.06"]

1. d4 d5 2. c4 e6 3. Nc3 Nf6 4. Bg5 Nbd7 5. e3 Be7 6. Nf3 c6 7. Rc1 O-O 8. Bd3
dxc4 9. Bxc4 Nd5 10. Bxe7 Qxe7 11. O-O f5 12. Qb3 N7b6 13. Bxd5 exd5 14. Ne5
Rf6 15. a4 Nd7 16. f4 Rh6 17. Rf3 Nxe5 18. fxe5 Qh4 19. h3 g5 20. Rcf1 b6 21.
Nxd5 Kh8 22. Nf6 Ba6 23. R1f2 Kg7 24. Rxf5 1-0

[Event "42.OStM"]
[Site "Bergisch Gladbach"]
[Date "2022.09.02"]
[Round "1.10"]
[White "Birk, Wilfried"]
[Black "Themm, Rainer"]
[Result "0-1"]
[WhiteElo "1409"]
[BlackElo "1843"]
[PlyCount "65"]
[EventDate "2022.??.??"]
[EventType "swiss"]
[EventRounds "7"]
[SourceVersionDate "2022.09.06"]

1. d4 d5 2. Nf3 Nf6 3. e3 e6 4. Bd3 Nbd7 5. Nbd2 c5 6. c3 Qc7 7. O-O Bd6 8. Re1
O-O 9. dxc5 Nxc5 10. Nf1 e5 11. Bc2 Bg4 12. h3 Bxf3 13. Qxf3 e4 14. Qe2 Rad8
15. b3 Be5 16. Bb2 Rfe8 17. Rab1 Ne6 18. c4 d4 19. exd4 Bxd4 20. Bxe4 Nf4 21.
Qf3 Bxb2 22. Rxb2 Nd3 23. Bxh7+ Kxh7 24. Rxe8 Nxe8 25. Rb1 Nf6 26. Ne3 Nc5 27.
Rd1 Rxd1+ 28. Qxd1 Qd7 29. Nd5 Nxd5 30. cxd5 Kg8 31. Qd4 b6 32. Kf1 Ne6 33. Qb4
0-1

[Event "42.OStM"]
[Site "Bergisch Gladbach"]
[Date "2022.09.02"]
[Round "1.11"]
[White "Türkkan, Nuh"]
[Black "Zimmermann, Wolfgang"]
[Result "1-0"]
[WhiteElo "1842"]
[BlackElo "1303"]
[PlyCount "55"]
[EventDate "2022.??.??"]
[EventType "swiss"]
[EventRounds "7"]
[SourceVersionDate "2022.09.06"]

1. c4 c5 2. Nf3 Nc6 3. d4 cxd4 4. Nxd4 e5 5. Nb5 d6 6. N1c3 a6 7. Na3 Be6 8. g3
Nf6 9. Bg2 Be7 10. O-O O-O 11. h3 Rc8 12. Nd5 Bxd5 13. cxd5 Nb4 14. Qb3 a5 15.
Bd2 Qb6 16. Nc4 Qb5 17. Nxa5 Qxa5 18. Bxb4 Qa6 19. e4 Qc4 20. Rfe1 Qc2 21. Qxc2
Rxc2 22. Bc3 Rc8 23. Bf1 Bd8 24. Bd3 R2xc3 25. bxc3 Rxc3 26. Rac1 Ba5 27. Rxc3
Bxc3 28. Rc1 1-0

[Event "42.OStM"]
[Site "Bergisch Gladbach"]
[Date "2022.09.02"]
[Round "1.12"]
[White "Reuter, Carlo"]
[Black "Bigott, Martin"]
[Result "0-1"]
[WhiteElo "1296"]
[BlackElo "1790"]
[PlyCount "48"]
[EventDate "2022.??.??"]
[EventType "swiss"]
[EventRounds "7"]
[SourceVersionDate "2022.09.06"]

1. d4 Nf6 2. c4 g6 3. Nc3 d5 4. cxd5 Nxd5 5. e4 Nxc3 6. bxc3 Bg7 7. Bc4 c5 8.
Ne2 Qc7 9. Qb3 O-O 10. Bf4 e5 11. Bg3 Nc6 12. Qc2 cxd4 13. cxd4 Qa5+ 14. Qd2
Qxd2+ 15. Kxd2 exd4 16. Rhd1 d3 17. Nc3 Be6 18. Bxe6 fxe6 19. Kxd3 Nb4+ 20. Kc4
Nc2 21. Rac1 Rac8+ 22. Kb3 Rxc3+ 23. Kb2 Rxg3+ 24. Kxc2 Rxg2 0-1

[Event "42.OStM"]
[Site "Bergisch Gladbach"]
[Date "2022.09.02"]
[Round "1.13"]
[White "Lobbes, Frank"]
[Black "Schneider, Erich"]
[Result "1-0"]
[WhiteElo "1753"]
[BlackElo "1195"]
[PlyCount "57"]
[EventDate "2022.??.??"]
[EventType "swiss"]
[EventRounds "7"]
[SourceVersionDate "2022.09.06"]

1. e4 d5 2. exd5 Qxd5 3. d4 Nf6 4. c4 Qd8 5. Nc3 Bg4 6. Be2 Bxe2 7. Ngxe2 e6 8.
O-O Be7 9. Qb3 b6 10. Bf4 O-O 11. Rad1 Bd6 12. Bxd6 cxd6 13. f4 Qc7 14. Nb5 Qc6
15. Qd3 Na6 16. a3 Nc7 17. Nbc3 d5 18. cxd5 Ncxd5 19. Nxd5 Qxd5 20. Nc3 Qb7 21.
Rf3 Nd5 22. Rh3 h6 23. Qf3 Rad8 24. Ne4 Qc7 25. Rf1 Qxf4 26. Qxf4 Nxf4 27. Rxf4
Rxd4 28. Nf6+ gxf6 29. Rxd4 1-0

[Event "42.OStM"]
[Site "Bergisch Gladbach"]
[Date "2022.09.02"]
[Round "1.14"]
[White "Ehmann, Florian"]
[Black "Nichte, Philipp"]
[Result "1/2-1/2"]
[WhiteElo "1190"]
[BlackElo "1744"]
[PlyCount "99"]
[EventDate "2022.??.??"]
[EventType "swiss"]
[EventRounds "7"]
[SourceVersionDate "2022.09.06"]

1. e4 c6 2. d4 d5 3. Nc3 dxe4 4. Nxe4 Bf5 5. Nc3 e6 6. Nf3 Nf6 7. Bd3 Bg4 8.
Ne4 Nbd7 9. h3 Bh5 10. Bg5 Be7 11. g4 Bg6 12. Nxf6+ Bxf6 13. Bxf6 Qxf6 14. Bxg6
hxg6 15. c3 O-O-O 16. Qe2 Nb6 17. O-O-O Nd5 18. Ne5 g5 19. Kb1 Kc7 20. Nc4 Nf4
21. Qe5+ Qxe5 22. Nxe5 f6 23. Nf7 Rdf8 24. Nxh8 Rxh8 25. Rhe1 Kd6 26. Re3 Kd5
27. Kc2 g6 28. Rde1 Ng2 29. Rxe6 Nxe1+ 30. Rxe1 Rxh3 31. Re7 b5 32. Rxa7 Rf3
33. Rg7 Ke6 34. b3 Rxf2+ 35. Kb1 Kd5 36. Rd7+ Ke6 37. Rd8 f5 38. a4 fxg4 39.
Re8+ Kd6 40. Re3 Rf3 41. Re5 Rxc3 42. Kb2 Rd3 43. Rxg5 Rxd4 44. Rxg6+ Kc5 45.
a5 b4 46. Rg5+ Rd5 47. Rxg4 Kb5 48. a6 Kxa6 49. Rxb4 Ka5 50. Rb8 1/2-1/2

[Event "42.OStM"]
[Site "Bergisch Gladbach"]
[Date "2022.09.02"]
[Round "1.15"]
[White "Schreiter, Oliver"]
[Black "Steinhausen, Karl-Heinz"]
[Result "1-0"]
[WhiteElo "1732"]
[BlackElo "1000"]
[PlyCount "37"]
[EventDate "2022.??.??"]
[EventType "swiss"]
[EventRounds "7"]
[SourceVersionDate "2022.09.06"]

1. d4 d5 2. Nf3 Nf6 3. g3 b6 4. Bg2 h6 5. O-O e6 6. c4 Bb7 7. Nc3 Bd6 8. Re1
O-O 9. b3 Nbd7 10. Bb2 Qc8 11. Rc1 c5 12. cxd5 exd5 13. Nb5 Qb8 14. Nxd6 Qxd6
15. Ne5 cxd4 16. Nxd7 Nxd7 17. Qxd4 f6 18. e4 dxe4 19. Qxd6 1-0

[Event "42.OStM"]
[Site "Bergisch Gladbach"]
[Date "2022.09.02"]
[Round "1.16"]
[White "Ramien, Eva"]
[Black "Winckler, Andreas"]
[Result "0-1"]
[WhiteElo "994"]
[BlackElo "1728"]
[PlyCount "72"]
[EventDate "2022.??.??"]
[EventType "swiss"]
[EventRounds "7"]
[SourceVersionDate "2022.09.06"]

1. e4 c5 2. Nf3 Nc6 3. Bc4 e6 4. d3 Be7 5. Nbd2 d6 6. Nf1 Nf6 7. Ng3 O-O 8. O-O
Na5 9. Bb3 Nxb3 10. axb3 b5 11. c3 Bb7 12. b4 cxb4 13. cxb4 a6 14. Bd2 Nd7 15.
Re1 Bf6 16. Bc3 Nb6 17. Bxf6 Qxf6 18. Qe2 Qe7 19. Qe3 Nd7 20. d4 d5 21. exd5
Bxd5 22. Qd2 Nf6 23. Nf5 Qd8 24. Ng3 Qd6 25. Re3 Rfc8 26. Ne5 h5 27. h4 Ng4 28.
Nxg4 hxg4 29. Qe2 f5 30. Qd2 Rc4 31. Rb3 Rac8 32. Qg5 Rxd4 33. h5 Bxb3 34. h6
Qf8 35. Rxa6 Rd1+ 36. Kh2 Qf6 0-1

[Event "42.OStM"]
[Site "Bergisch Gladbach"]
[Date "2022.09.02"]
[Round "1.17"]
[White "Hertling, Jürgen"]
[Black "Höffken, Hartmut"]
[Result "1-0"]
[WhiteElo "1680"]
[BlackElo "841"]
[PlyCount "51"]
[EventDate "2022.??.??"]
[EventType "swiss"]
[EventRounds "7"]
[SourceVersionDate "2022.09.06"]

1. d4 d5 2. c4 e6 3. Nc3 Nf6 4. cxd5 exd5 5. Bg5 Be7 6. e3 O-O 7. Bd3 Nbd7 8.
Nf3 a6 9. O-O b5 10. Rc1 Bb7 11. Re1 Ne4 12. Bf4 Rc8 13. Qb3 Ndf6 14. Re2 Qd7
15. Ne5 Qd8 16. Rec2 Re8 17. Nxe4 dxe4 18. Bxb5 Rf8 19. Bc6 Bxc6 20. Nxc6 Qd7
21. Nxe7+ Qxe7 22. Rxc7 Qe6 23. Qxe6 fxe6 24. Rxc8 Rxc8 25. Rxc8+ Kf7 26. Ra8
1-0

[Event "42.OStM"]
[Site "Bergisch Gladbach"]
[Date "2022.09.09"]
[Round "2.2"]
[White "Belyaev, Ilja"]
[Black "Türkkan, Nuh"]
[Result "1-0"]
[WhiteElo "2091"]
[BlackElo "1842"]
[PlyCount "107"]
[EventDate "2022.??.??"]
[EventType "swiss"]
[EventRounds "7"]
[SourceVersionDate "2022.09.06"]

1. e4 c5 2. Nf3 Nc6 3. d4 cxd4 4. Nxd4 Nf6 5. Nc3 e5 6. Ndb5 d6 7. Bg5 a6 8.
Na3 b5 9. Nd5 Be7 10. Bxf6 Bxf6 11. c3 Bg5 12. Nc2 O-O 13. a4 bxa4 14. Rxa4 a5
15. Bc4 Rb8 16. b3 Kh8 17. Nce3 g6 18. O-O f5 19. f3 Bxe3+ 20. Nxe3 Qb6 21. Re1
f4 22. Qxd6 Bb7 23. b4 fxe3 24. b5 e2+ 25. Kh1 Rbd8 26. Qa3 Qf2 27. Qc1 Qxe1+
28. Qxe1 Rd1 29. Ra1 Rxe1+ 30. Rxe1 Rd8 31. Bxe2 Ne7 32. Ra1 Ra8 33. c4 a4 34.
Ra3 Bc8 35. Kg1 Be6 36. Kf2 Nc8 37. c5 Bd7 38. Bc4 Rb8 39. c6 Nb6 40. Ba2 Bc8
41. Ke3 Kg7 42. Kd3 Kf6 43. Kc3 Be6 44. Kb4 Bxa2 45. Rxa2 Ke6 46. Kc5 h5 47. h4
Ke7 48. Rd2 Rd8 49. Rxd8 Kxd8 50. Kxb6 a3 51. c7+ Kc8 52. Kc6 a2 53. b6 a1=Q
54. b7# 1-0

[Event "42.OStM"]
[Site "Bergisch Gladbach"]
[Date "2022.09.09"]
[Round "2.3"]
[White "Bigott, Martin"]
[Black "Harringer, Manfred"]
[Result "1/2-1/2"]
[WhiteElo "1790"]
[BlackElo "2021"]
[PlyCount "71"]
[EventDate "2022.??.??"]
[EventType "swiss"]
[EventRounds "7"]
[SourceVersionDate "2022.09.06"]

1. d4 Nf6 2. Nf3 e6 3. Bg5 d5 4. Nbd2 Be7 5. c3 O-O 6. e3 b6 7. h3 c5 8. Bd3
Ba6 9. Bxa6 Nxa6 10. Ne5 Nb8 11. O-O Nfd7 12. Bxe7 Qxe7 13. f4 f6 14. Nxd7 Nxd7
15. Qf3 f5 16. a4 Nf6 17. Qe2 a6 18. Kh1 c4 19. g4 b5 20. g5 Ne4 21. Nxe4 dxe4
22. Ra2 Rfe8 23. axb5 axb5 24. Rfa1 Rxa2 25. Rxa2 b4 26. Ra4 bxc3 27. bxc3 Qb7
28. Rxc4 Qb1+ 29. Kg2 Rb8 30. Rb4 Rxb4 31. cxb4 Qxb4 32. h4 Qc3 33. h5 Kf7 34.
Qa2 Qxe3 35. Qa7+ Ke8 36. Qb8+ 1/2-1/2

[Event "42.OStM"]
[Site "Bergisch Gladbach"]
[Date "2022.09.09"]
[Round "2.4"]
[White "Gelsok, Philipp"]
[Black "Lobbes, Frank"]
[Result "1-0"]
[WhiteElo "1988"]
[BlackElo "1753"]
[PlyCount "39"]
[EventDate "2022.??.??"]
[EventType "swiss"]
[EventRounds "7"]
[SourceVersionDate "2022.09.06"]

1. e4 e5 2. Nf3 Nc6 3. Bc4 Nf6 4. Ng5 d5 5. exd5 b5 6. Bf1 Nxd5 7. Bxb5 Bd7 8.
Nxf7 Qf6 9. Nxh8 Bc5 10. d4 Bxd4 11. O-O Nde7 12. c3 Bb6 13. Qe2 O-O-O 14. Bg5
Qxg5 15. Nf7 Qg6 16. Nxd8 Bg4 17. Nxc6 Nxc6 18. Qc4 Bf3 19. Ba6+ Kd7 20. Qd3+
1-0

[Event "42.OStM"]
[Site "Bergisch Gladbach"]
[Date "2022.09.09"]
[Round "2.6"]
[White "Winckler, Andreas"]
[Black "Müller, Rene"]
[Result "0-1"]
[WhiteElo "1728"]
[BlackElo "1919"]
[PlyCount "88"]
[EventDate "2022.??.??"]
[EventType "swiss"]
[EventRounds "7"]
[SourceVersionDate "2022.09.06"]

1. b4 Nf6 2. Bb2 d6 3. e3 g6 4. Nf3 Bg7 5. Bc4 c6 6. d4 b5 7. Bd3 a5 8. a4 axb4
9. axb5 Rxa1 10. Bxa1 Qa5 11. Nbd2 cxb5 12. O-O O-O 13. Qe2 Bd7 14. e4 Nh5 15.
g3 Na6 16. Nb3 Qa2 17. Nfd2 Nc7 18. f4 Bh3 19. Re1 Nf6 20. Nf3 Bg4 21. Kg2 Rc8
22. h3 Bxf3+ 23. Kxf3 Nd7 24. g4 e5 25. fxe5 dxe5 26. d5 Ne8 27. g5 Nd6 28. Qd2
Qa3 29. Rb1 Nc4 30. Qe2 Bf8 31. Kg2 Qa7 32. Nd2 Ne3+ 33. Kf3 Nxc2 34. Bxb5 Nxa1
35. Bxd7 Nc2 36. Bxc8 Nd4+ 37. Kf2 Nxe2+ 38. Kxe2 Qd4 39. Rb3 Be7 40. Rg3 b3
41. Rd3 Qc5 42. Bb7 b2 43. Rb3 Qc2 44. Rb5 Bxg5 0-1

[Event "42.OStM"]
[Site "Bergisch Gladbach"]
[Date "2022.09.09"]
[Round "2.7"]
[White "Weclawski, Roman"]
[Black "Rohleder, Traugott"]
[Result "1/2-1/2"]
[WhiteElo "1906"]
[BlackElo "1630"]
[PlyCount "52"]
[EventDate "2022.??.??"]
[EventType "swiss"]
[EventRounds "7"]
[SourceVersionDate "2022.09.06"]

1. e4 d6 2. d4 Nf6 3. Nc3 g6 4. Bc4 Bg7 5. Nge2 O-O 6. Bg5 Nxe4 7. Bxf7+ Rxf7
8. Nxe4 Nd7 9. c3 d5 10. N4g3 Nf6 11. f3 a6 12. Qd2 Ne8 13. h4 Qd6 14. h5 Bf5
15. O-O-O a5 16. Rde1 b5 17. Nxf5 Rxf5 18. hxg6 hxg6 19. Rh3 b4 20. f4 Rf7 21.
Qc2 Rc8 22. Bh6 bxc3 23. Bxg7 cxb2+ 24. Kb1 Rxg7 25. Reh1 Qe6 26. Ng3 Nd6
1/2-1/2

[Event "42.OStM"]
[Site "Bergisch Gladbach"]
[Date "2022.09.09"]
[Round "2.8"]
[White "Witte, Volker"]
[Black "Gutt, Oswald"]
[Result "1/2-1/2"]
[WhiteElo "1650"]
[BlackElo "1845"]
[PlyCount "46"]
[EventDate "2022.??.??"]
[EventType "swiss"]
[EventRounds "7"]
[SourceVersionDate "2022.09.06"]

1. d4 d5 2. c4 e6 3. cxd5 exd5 4. Nc3 c6 5. Nf3 Nf6 6. Bg5 Be7 7. e3 O-O 8. Bd3
Nbd7 9. Qc2 Re8 10. O-O Nf8 11. a4 a5 12. Rab1 g6 13. Ne5 Ng4 14. Bxe7 Qxe7 15.
Nf3 Ne6 16. h3 Nf6 17. Ne5 Ng7 18. f4 Nf5 19. Rbe1 h5 20. Qf2 Nd6 21. Qg3 Bf5
22. Bxf5 Nxf5 23. Qg5 Nh7 1/2-1/2

[Event "42.OStM"]
[Site "Bergisch Gladbach"]
[Date "2022.09.09"]
[Round "2.9"]
[White "Nichte, Philipp"]
[Black "Klein, Dieter"]
[Result "1-0"]
[WhiteElo "1744"]
[BlackElo "1587"]
[PlyCount "81"]
[EventDate "2022.??.??"]
[EventType "swiss"]
[EventRounds "7"]
[SourceVersionDate "2022.09.06"]

1. e4 e5 2. Nf3 Nc6 3. Bc4 Nf6 4. d3 Be7 5. Nc3 O-O 6. a3 d6 7. Bg5 a6 8. h3 b5
9. Ba2 Nd4 10. Nxd4 exd4 11. Ne2 c5 12. O-O Be6 13. Nf4 Bxa2 14. Rxa2 Nd7 15.
Bxe7 Qxe7 16. Nd5 Qd8 17. a4 b4 18. c3 a5 19. cxd4 cxd4 20. Qb3 Rc8 21. Raa1
Nc5 22. Qc4 Ne6 23. Qxc8 Qg5 24. Qc1 Qd8 25. Qd2 f5 26. Rae1 f4 27. f3 Kh8 28.
e5 Qg5 29. Nb6 Qd8 30. exd6 Qxd6 31. Nc4 Qc6 32. Re5 h6 33. Rxa5 Ng5 34. Rxg5
hxg5 35. a5 Qb5 36. Ra1 Ra8 37. b3 Ra6 38. Qe2 Rg6 39. Qe5 Qd7 40. a6 Qa7 41.
Qb5 1-0

[Event "42.OStM"]
[Site "Bergisch Gladbach"]
[Date "2022.09.09"]
[Round "2.10"]
[White "Stetten, Joachim"]
[Black "Ehmann, Florian"]
[Result "0-1"]
[WhiteElo "1515"]
[BlackElo "1190"]
[PlyCount "64"]
[EventDate "2022.??.??"]
[EventType "swiss"]
[EventRounds "7"]
[SourceVersionDate "2022.09.06"]

1. e4 e5 2. Nf3 Nc6 3. Bc4 Bc5 4. c3 Nf6 5. d3 d6 6. h3 Na5 7. Qa4+ Nc6 8. Bg5
a6 9. b4 Ba7 10. Qb3 Qd7 11. Nbd2 b5 12. Bd5 Nxd5 13. Qxd5 Bb7 14. Qb3 Qe6 15.
Bh4 Qxb3 16. Nxb3 O-O 17. O-O Nd8 18. Bxd8 Raxd8 19. Rae1 f5 20. Kh2 fxe4 21.
dxe4 Rf4 22. Nbd2 c5 23. g3 Rf7 24. Ng5 Rf6 25. h4 cxb4 26. cxb4 Bxf2 27. Rd1
h6 28. Nh3 Bd4 29. Rxf6 gxf6 30. Rf1 Kg7 31. Nf2 Bc3 32. Rc1 Rc8 0-1

[Event "42.OStM"]
[Site "Bergisch Gladbach"]
[Date "2022.09.09"]
[Round "2.11"]
[White "Zimmermann, Wolfgang"]
[Black "Aljalam, Yamen"]
[Result "0-1"]
[WhiteElo "1303"]
[BlackElo "1561"]
[PlyCount "92"]
[EventDate "2022.??.??"]
[EventType "swiss"]
[EventRounds "7"]
[SourceVersionDate "2022.09.06"]

1. d4 e6 2. c4 d5 3. e3 Nf6 4. Nf3 Be7 5. Bd2 O-O 6. Be2 b6 7. a3 dxc4 8. Bxc4
Bb7 9. O-O c5 10. Nc3 cxd4 11. Nxd4 Nc6 12. Nxc6 Bxc6 13. Rc1 Qd7 14. Qc2 Rac8
15. Rfd1 Qb7 16. f3 Bxf3 17. gxf3 Rxc4 18. Qd3 Rc5 19. Ne4 Nxe4 20. Qxe4 Qxe4
21. fxe4 Rxc1 22. Rxc1 Bf6 23. Bc3 Rc8 24. Kg2 Bxc3 25. bxc3 Kf8 26. Kf3 e5 27.
Ke2 Rd8 28. c4 Rd6 29. Rc3 Rh6 30. h4 Rxh4 31. c5 bxc5 32. Rxc5 Rxe4 33. Kd3
Ra4 34. Rc3 e4+ 35. Kc2 Ke7 36. Kb3 Ra6 37. a4 Rb6+ 38. Ka3 Rd6 39. Kb4 h5 40.
a5 a6 41. Rc7+ Kf6 42. Kc5 Re6 43. Rc6 h4 44. Rxe6+ Kxe6 45. Kb6 h3 46. Kxa6 h2
0-1

[Event "42.OStM"]
[Site "Bergisch Gladbach"]
[Date "2022.09.09"]
[Round "2.12"]
[White "Schneider, Erich"]
[Black "Roder, Stephan"]
[Result "0-1"]
[WhiteElo "1195"]
[BlackElo "1495"]
[PlyCount "78"]
[EventDate "2022.??.??"]
[EventType "swiss"]
[EventRounds "7"]
[SourceVersionDate "2022.09.06"]

1. d4 d5 2. c4 Bf5 3. cxd5 Qxd5 4. Nc3 Qd8 5. e4 Bg6 6. Nf3 e6 7. a3 c6 8. Be2
Nd7 9. O-O Bd6 10. Be3 Ne7 11. Rc1 Bc7 12. b4 O-O 13. Nh4 Qe8 14. f4 h6 15.
Nxg6 fxg6 16. Bg4 Nc8 17. Qb3 Nf6 18. Bxe6+ Kh8 19. e5 Nh7 20. Rce1 Ne7 21. Bc4
b5 22. Bd3 Rd8 23. Qc2 a6 24. f5 gxf5 25. Bxf5 Nxf5 26. Rxf5 Qe7 27. Qe4 Rxf5
28. Qxf5 a5 29. Qf3 Qe6 30. Ne4 Rf8 31. Qe2 axb4 32. axb4 Rc8 33. Nc5 Qe8 34.
e6 Bd6 35. Bf2 Nf6 36. Nb7 Bxb4 37. Bg3 Qe7 38. Rd1 Qxb7 39. Qb2 Nd5 {Zeit} 0-1